[Event "32nd ECC Open 2016"]
[Site "Novi Sad SRB"]
[Date "2016.11.07"]
[Round "2.4"]
[Board "3"]
[White "Babula, Vlastimil"]
[Black "Rozentalis, Eduardas"]
[Result "1/2-1/2"]
[WhiteTitle "GM"]
[BlackTitle "GM"]
[WhiteElo "2548"]
[BlackElo "2573"]
[WhiteTeam "SV Werder Bremen"]
[BlackTeam "KGSRL Gent"]
[WhiteFideId "301264"]
[BlackFideId "12800023"]
[EventDate "2016.11.06"]

1. d4 Nf6 2. c4 e6 3. Nf3 b6 4. a3 d5 5. Nc3 Be7 6. cxd5 exd5 7. g3 O-O 8. Bg2
Bb7 9. O-O Nbd7 10. Qc2 c5 11. Rd1 Re8 12. dxc5 Bxc5 13. Nd4 Qe7 14. Bg5 Qe5 15.
Nf3 Qe6 16. b4 Bf8 17. Nd4 Qe5 18. Bf4 Qh5 19. Qf5 Rac8 20. Nxd5 Qxf5 21. Nxf5
Bxd5 22. Bxd5 Nxd5 23. Rxd5 Nf6 24. Re5 g6 25. Ne3 Red8 26. Bg5 Bg7 27. Ra2 Kf8
28. Kg2 Rc3 29. Bxf6 Bxf6 30. Rd5 h5 31. h4 Rb3 32. Rxd8+ Bxd8 33. Nd5 Ke8 34.
e3 Rd3 35. Nf4 Rb3 36. Nd5 Rd3 37. e4 a5 38. bxa5 bxa5 39. a4 Rd4 40. Kf3 Be7
41. Nxe7 1/2-1/2

[Event "32nd ECC Open 2016"]
[Site "Novi Sad SRB"]
[Date "2016.11.07"]
[Round "2.4"]
[Board "4"]
[White "Schoppen, Casper"]
[Black "Koop, Thorben"]
[Result "1/2-1/2"]
[BlackTitle "IM"]
[WhiteElo "2325"]
[BlackElo "2430"]
[WhiteTeam "KGSRL Gent"]
[BlackTeam "SV Werder Bremen"]
[WhiteFideId "1046730"]
[BlackFideId "24661619"]
[EventDate "2016.11.06"]

1. d4 Nf6 2. c4 g6 3. Nc3 d5 4. cxd5 Nxd5 5. e4 Nxc3 6. bxc3 Bg7 7. Nf3 c5 8.
Rb1 O-O 9. Be2 b6 10. O-O Bb7 11. Qc2 cxd4 12. cxd4 Qc8 13. Qd3 e6 14. Rd1 Nd7
15. Ba3 Rd8 16. Be7 Re8 17. Bd6 Nf6 18. e5 Nd5 19. Rdc1 Qd7 20. Qd2 Rec8 21.
Rxc8+ Rxc8 22. Bb5 Bc6 23. Ba6 Bb7 24. Bb5 Qd8 25. Rc1 h6 26. h4 Rxc1+ 27. Qxc1
Ne7 28. Bxe7 Qxe7 29. Qf4 Bd5 30. a4 Qb7 31. Bd3 Qc6 32. h5 Bxf3 33. gxf3 g5 34.
Qe4 Qxa4 35. Kg2 Qd7 36. Qa8+ Bf8 37. Qe4 Bg7 38. Qa8+ Bf8 39. Qe4 Bg7 1/2-1/2

[Event "32nd ECC Open 2016"]
[Site "Novi Sad SRB"]
[Date "2016.11.07"]
[Round "2.4"]
[Board "5"]
[White "Grigorian, Spartak"]
[Black "Goormachtigh, Johan"]
[Result "1/2-1/2"]
[BlackTitle "FM"]
[WhiteElo "2280"]
[BlackElo "2184"]
[WhiteTeam "SV Werder Bremen"]
[BlackTeam "KGSRL Gent"]
[WhiteFideId "24661490"]
[BlackFideId "200280"]
[EventDate "2016.11.06"]

1. d4 Nf6 2. c4 g6 3. Nc3 d5 4. cxd5 Nxd5 5. e4 Nxc3 6. bxc3 Bg7 7. Nf3 c5 8.
Rb1 O-O 9. Be2 Nc6 10. d5 Ne5 11. Nxe5 Bxe5 12. Qd2 e6 13. f4 Bc7 14. O-O exd5
15. exd5 Ba5 16. d6 Rb8 17. Rb5 b6 18. Rxa5 bxa5 19. Ba3 a4 20. Bxc5 Qa5 21. Ba3
Bd7 22. Qd4 Rfe8 23. Bf3 Qb6 24. Bc5 Qb2 25. Bd5 Be6 26. d7 Red8 27. Bxe6 fxe6
28. Rd1 Qe2 29. Ba3 1/2-1/2

[Event "32nd ECC Open 2016"]
[Site "Novi Sad SRB"]
[Date "2016.11.07"]
[Round "2.4"]
[Board "6"]
[White "Vanheirzeele, Daniel"]
[Black "Charmeteau, Sven"]
[Result "1/2-1/2"]
[WhiteElo "2120"]
[BlackElo "2305"]
[WhiteTeam "KGSRL Gent"]
[BlackTeam "SV Werder Bremen"]
[WhiteFideId "200425"]
[BlackFideId "638285"]
[EventDate "2016.11.06"]

1. d4 Nf6 2. c4 g6 3. Nc3 d5 4. Nf3 Bg7 5. Qb3 dxc4 6. Qxc4 O-O 7. e4 a6 8. Be2
b5 9. Qb3 c5 10. dxc5 Be6 11. Qc2 Nbd7 12. Be3 Rc8 13. Rd1 b4 14. Nd5 Bxd5 15.
exd5 Nxc5 16. O-O Nce4 17. Qd3 Nd6 18. Ne5 Nf5 19. Bf4 Rc5 20. Bf3 Nh4 21. Nc6
Qd7 22. Rfe1 Re8 23. Nxb4 a5 24. Nc6 Nxf3+ 25. Qxf3 Nxd5 26. Ne5 Qf5 27. Rxd5
Rxd5 28. Qxd5 Qxf4 29. Qxa5 Qd4 30. b3 Bf6 31. Nc4 Rd8 32. g3 Rd5 33. Qa8+ Kg7
34. Ne3 Rd8 35. Qf3 Qb2 36. Re2 Qc3 37. Kg2 h5 38. Nc4 Qa1 39. Ne3 h4 40. h3
hxg3 41. fxg3 Qc3 42. Nc4 Qc1 43. Rf2 Kh8 44. Qf4 Qa1 45. Ne3 1/2-1/2

[Event "32nd ECC Open 2016"]
[Site "Novi Sad SRB"]
[Date "2016.11.07"]
[Round "2.5"]
[Board "1"]
[White "Arnaudov, G. Petar"]
[Black "Heimann, Andreas"]
[Result "0-1"]
[WhiteTitle "GM"]
[BlackTitle "GM"]
[WhiteElo "2471"]
[BlackElo "2586"]
[WhiteTeam "Gambit ASSECO SEE"]
[BlackTeam "Schachgesellschaft Riehen"]
[WhiteFideId "2907127"]
[BlackFideId "24624632"]
[EventDate "2016.11.06"]

1. d4 Nf6 2. Nf3 g6 3. c4 Bg7 4. Nc3 d5 5. Qa4+ Bd7 6. Qb3 dxc4 7. Qxc4 O-O 8.
e4 b5 9. Qb3 c5 10. e5 Ng4 11. dxc5 Na6 12. h3 Nxe5 13. Nxe5 Bxe5 14. Bh6 Re8
15. Bxb5 Nxc5 16. Qd5 Bxc3+ 17. bxc3 Bxb5 18. Qxc5 Qd3 19. Qe3 Qc4 20. Rb1 Ba6
21. Rb2 Rab8 22. Rb3 Rbd8 23. f4 e5 24. fxe5 Qh4+ 25. g3 Qh5 0-1

[Event "32nd ECC Open 2016"]
[Site "Novi Sad SRB"]
[Date "2016.11.07"]
[Round "2.5"]
[Board "2"]
[White "Cvitan, Ognjen"]
[Black "Percivaldi, Martin"]
[Result "1/2-1/2"]
[WhiteTitle "GM"]
[BlackTitle "FM"]
[WhiteElo "2502"]
[BlackElo "2373"]
[WhiteTeam "Schachgesellschaft Riehen"]
[BlackTeam "Gambit ASSECO SEE"]
[WhiteFideId "14500086"]
[BlackFideId "1508148"]
[EventDate "2016.11.06"]

1. d4 d5 2. c4 dxc4 3. e3 e5 4. Bxc4 exd4 5. exd4 Bd6 6. Nf3 Nf6 7. Qe2+ Qe7 8.
Qxe7+ Bxe7 9. O-O Nbd7 10. Nc3 Nb6 11. Bb3 c6 12. Re1 Nfd5 13. a4 a5 14. Nxd5
Nxd5 15. Bxd5 cxd5 16. Ra3 Be6 17. Rb3 O-O 18. Rxb7 Bb4 19. Bd2 Rfb8 20. Rxb8+
Rxb8 21. b3 g5 22. Bxb4 Rxb4 23. h3 Rxb3 24. Nxg5 Rb4 25. Nxe6 fxe6 26. Rxe6
Rxd4 27. Rd6 Kf7 28. g4 Ke7 29. Rh6 Rxa4 30. Kg2 Ra3 31. Rxh7+ Ke6 32. Ra7 d4
33. Ra6+ Ke5 34. g5 d3 35. Kf3 d2+ 36. Ke2 Rxh3 37. Rxa5+ Kf4 38. Kxd2 Rh5 39.
Ke2 Ke4 40. Ra4+ Kf5 41. Kf3 Rh3+ 42. Kg2 Rh5 43. f4 Kg4 44. Kf2 Rh3 45. Ke2 Rb3
46. Rd4 Ra3 47. Re4 Rb3 48. g6 Kf5 49. g7 Rg3 50. Re8 Rxg7 51. Kf3 Rg1 52. Rf8+
Ke6 1/2-1/2

[Event "32nd ECC Open 2016"]
[Site "Novi Sad SRB"]
[Date "2016.11.07"]
[Round "2.5"]
[Board "3"]
[White "Danchevski, Orce"]
[Black "Georgiadis, Ioannis"]
[Result "1/2-1/2"]
[WhiteTitle "IM"]
[BlackTitle "IM"]
[WhiteElo "2357"]
[BlackElo "2479"]
[WhiteTeam "Gambit ASSECO SEE"]
[BlackTeam "Schachgesellschaft Riehen"]
[WhiteFideId "15000311"]
[BlackFideId "4208900"]
[EventDate "2016.11.06"]

1. d4 Nf6 2. Nf3 e6 3. e3 b6 4. Bd3 Bb7 5. O-O d5 6. Nbd2 Bd6 7. b3 O-O 8. Bb2
Ne4 9. c4 Nd7 10. Qc2 f5 11. Ne5 Bxe5 12. dxe5 Ndc5 13. Rad1 Nxd3 14. Qxd3 dxc4
15. Nxc4 Qxd3 16. Rxd3 Rfd8 17. Rfd1 Rxd3 18. Rxd3 Nc5 19. Rd4 Bd5 20. f3 Nb7
21. Nd2 c5 22. Rd3 b5 23. Kf2 Rc8 24. Ke2 a5 25. Rc3 a4 26. e4 fxe4 27. fxe4 Bc6
28. bxa4 b4 29. Rc1 Bxa4 30. a3 Bb5+ 31. Ke3 Rd8 32. Nc4 bxa3 33. Nxa3 Rd3+ 34.
Kf4 Ba6 35. Rc3 Rd2 36. Rc2 Rd3 37. Rc3 Rd2 38. Rc2 Rxc2 39. Nxc2 Bd3 40. Ne1
Bb1 41. Ba3 Kf7 42. Ke3 Ke7 43. Nf3 Kd7 44. Ng5 h6 45. Nf7 Kc6 46. Nd6 Nxd6 47.
exd6 Kxd6 48. Bb2 g6 49. g4 e5 50. h4 Bc2 51. g5 h5 52. Bc3 Ba4 53. Bb2 Bc6 54.
Bc3 Bb7 55. Bb2 c4 56. Bc3 Ba8 1/2-1/2

[Event "32nd ECC Open 2016"]
[Site "Novi Sad SRB"]
[Date "2016.11.07"]
[Round "2.5"]
[Board "4"]
[White "Brunner, Nicolas"]
[Black "Stojcevski, Zoran"]
[Result "1/2-1/2"]
[WhiteTitle "IM"]
[BlackTitle "FM"]
[WhiteElo "2469"]
[BlackElo "2316"]
[WhiteTeam "Schachgesellschaft Riehen"]
[BlackTeam "Gambit ASSECO SEE"]
[WhiteFideId "620246"]
[BlackFideId "15000192"]
[EventDate "2016.11.06"]

1. d4 Nf6 2. c4 e6 3. Nf3 b6 4. Nc3 Bb4 5. e3 O-O 6. Bd3 d6 7. O-O Bxc3 8. bxc3
Nbd7 9. e4 e5 10. Re1 Re8 11. Nd2 Nf8 12. g3 Ng6 13. f3 c5 14. d5 h6 15. Nf1 Nh7
16. Ne3 Rf8 17. Nf5 Ne7 18. Qc2 Ng5 19. Rf1 f6 20. Bd2 Nf7 21. f4 Nxf5 22. exf5
Bd7 23. Kh1 Qc7 24. Rae1 Rae8 25. h4 Qb7 26. Kh2 Qc7 27. Rg1 Bc8 28. Bc1 Re7 29.
Qg2 Qd8 30. Re3 Qc7 31. Rge1 Rfe8 32. Qe2 Kf8 33. Qg2 Kg8 34. Qe2 Kf8 1/2-1/2

[Event "32nd ECC Open 2016"]
[Site "Novi Sad SRB"]
[Date "2016.11.07"]
[Round "2.5"]
[Board "5"]
[White "Dinev, Dejan"]
[Black "Buss, Ralph"]
[Result "1/2-1/2"]
[WhiteTitle "FM"]
[BlackTitle "IM"]
[WhiteElo "2297"]
[BlackElo "2360"]
[WhiteTeam "Gambit ASSECO SEE"]
[BlackTeam "Schachgesellschaft Riehen"]
[WhiteFideId "15000095"]
[BlackFideId "1305697"]
[EventDate "2016.11.06"]

1. d4 d5 2. Nf3 Nf6 3. g3 e6 4. Bg2 c5 5. O-O cxd4 6. Nxd4 e5 7. Nb3 Be6 8. N1d2
Nc6 9. e4 Be7 10. exd5 Bxd5 11. Re1 Bxg2 12. Kxg2 O-O 13. c3 Qc7 14. Qe2 Rfe8
15. Qd1 Rf8 16. Qe2 Rfe8 17. Nc4 Bf8 18. Bg5 Nd7 19. Rad1 f6 20. Bc1 Rad8 21.
Ne3 Nb6 22. a4 Qf7 23. Qb5 Nc8 24. Qc4 Nb6 25. Qb5 Nc8 26. Qc4 Nb6 27. Qb5 1/2-1/2

[Event "32nd ECC Open 2016"]
[Site "Novi Sad SRB"]
[Date "2016.11.07"]
[Round "2.5"]
[Board "6"]
[White "Schmidt-Schaeffer, Sebastian"]
[Black "Nikolovski, Nikola"]
[Result "0-1"]
[BlackTitle "FM"]
[WhiteElo "2386"]
[BlackElo "2274"]
[WhiteTeam "Schachgesellschaft Riehen"]
[BlackTeam "Gambit ASSECO SEE"]
[WhiteFideId "4610148"]
[BlackFideId "15002314"]
[EventDate "2016.11.06"]

1. f4 Nf6 2. Nf3 g6 3. d4 Bg7 4. Nbd2 c5 5. e3 d6 6. Be2 O-O 7. O-O Qc7 8. a4
Nbd7 9. c3 b6 10. a5 Bb7 11. Qb3 Rae8 12. axb6 axb6 13. Ra7 Ra8 14. Rxa8 Rxa8
15. Ng5 e6 16. Bd3 d5 17. Qd1 h6 18. Ngf3 Ba6 19. Bxa6 Rxa6 20. Ne5 Ra1 21. Qe2
Ne8 22. Nxd7 Qxd7 23. dxc5 bxc5 24. Nb3 Ra2 25. Nxc5 Qc7 26. Qb5 Nd6 27. Qb3 Ra1
28. Nd3 Nc4 29. Qb5 Qa7 30. Qc5 Qa4 31. Qc8+ Kh7 32. Nb4 Nxb2 33. Bxb2 Rxf1+ 34.
Kxf1 Qd1+ 35. Kf2 Qd2+ 36. Kf3 Qxb2 37. Nd3 Qb1 38. Nf2 g5 39. Qc7 Kg6 40. g4
Qc2 41. f5+ exf5 42. Qc6+ Bf6 43. h3 fxg4+ 44. hxg4 Qd2 45. c4 dxc4 46. Qxf6+
Kxf6 47. Ne4+ Kg6 48. Nxd2 c3 49. Nb3 f5 50. gxf5+ Kxf5 51. e4+ Kf6 52. Nd4 h5
53. Ke3 h4 54. Nf3 c2 55. Kd2 h3 56. Nh2 Ke5 57. Kxc2 Kf4 58. e5 Kxe5 59. Kd3
Kf4 60. Ke2 Kg3 61. Nf1+ Kg2 62. Ne3+ Kg1 63. Nf5 h2 64. Ng3 Kg2 0-1

[Event "32nd ECC Open 2016"]
[Site "Novi Sad SRB"]
[Date "2016.11.07"]
[Round "2.6"]
[Board "1"]
[White "Zajic, Milan"]
[Black "Petenyi, Tamas"]
[Result "1-0"]
[WhiteTitle "IM"]
[BlackTitle "IM"]
[WhiteElo "2501"]
[BlackElo "2443"]
[WhiteTeam "Omladinski Sahovski Klub Paracin"]
[BlackTeam "SK Dunajska Streda"]
[WhiteFideId "912336"]
[BlackFideId "14909090"]
[EventDate "2016.11.06"]

1. e4 c5 2. Nf3 e6 3. g3 a6 4. Bg2 Nc6 5. O-O Nf6 6. e5 Nd5 7. d3 Qc7 8. Re1 d6
9. c4 Nde7 10. exd6 Qxd6 11. Nc3 Qd8 12. Bf4 Nf5 13. Ne5 Nxe5 14. Bxe5 Bd6 15.
Qa4+ Bd7 16. Qa3 Bc6 17. Bxc6+ bxc6 18. Bxd6 Qxd6 19. Ne4 Qe7 20. Qxc5 Qxc5 21.
Nxc5 Ke7 22. Kg2 Rhd8 23. Rac1 a5 24. Rc3 Rab8 25. Re2 Nd4 26. Rd2 Kd6 27. Ne4+
Kc7 28. Ra3 Ra8 29. Ng5 f6 30. Nf3 Nf5 31. d4 g5 32. g4 Ne7 33. Ng1 Ng6 34. Kg3
h5 35. gxh5 Nf4 36. Ne2 Nxh5+ 37. Kg2 g4 38. h3 Rg8 39. hxg4 Rxg4+ 40. Kf3 Rh4
41. Ng3 Nf4 42. Re3 Rd8 43. Ne4 Nh3 44. Kg3 Rh6 45. Nxf6 Rxf6 46. Kxh3 c5 47. d5
exd5 48. cxd5 Rh8+ 49. Kg2 Kd6 50. Rb3 Rg6+ 51. Kf1 Rg4 52. Rb6+ Kd7 53. Rb5 Rd4
54. Rxd4 cxd4 55. Ke2 a4 56. Kd3 Rf8 57. a3 Rxf2 58. Kxd4 Kd6 59. Rb6+ Kd7 60.
Rb4 Kd6 61. Kc4 Rh2 62. Kb5 Kxd5 63. Kxa4 Kc6 64. Rb8 Rh4+ 65. b4 Rh3 66. Rc8+
Kb6 67. Rg8 Ka6 68. Rg6+ Kb7 69. b5 Ka7 70. Kb4 Kb7 71. Rg4 Kb6 72. a4 Rh7 73.
a5+ Kb7 74. a6+ Ka7 75. Ka5 Rh5 76. Rd4 Rg5 77. Rd7+ Kb8 78. Kb6 Rg6+ 79. Kc5
Rg1 80. Kc6 Rc1+ 81. Kb6 Rc8 82. Rd5 Rh8 83. Ka5 Rh1 84. b6 Ra1+ 85. Kb5 Rb1+
86. Kc6 Rc1+ 87. Rc5 Ra1 88. a7+ Ka8 89. b7+ Kxa7 90. Kc7 1-0

[Event "32nd ECC Open 2016"]
[Site "Novi Sad SRB"]
[Date "2016.11.07"]
[Round "2.6"]
[Board "2"]
[White "Bokros, Albert"]
[Black "Radovanovic, Nikola"]
[Result "1-0"]
[WhiteTitle "IM"]
[BlackTitle "IM"]
[WhiteElo "2492"]
[BlackElo "2411"]
[WhiteTeam "SK Dunajska Streda"]
[BlackTeam "Omladinski Sahovski Klub Paracin"]
[WhiteFideId "710458"]
[BlackFideId "900087"]
[EventDate "2016.11.06"]

1. e4 c5 2. Nf3 e6 3. d4 cxd4 4. Nxd4 Nf6 5. Nc3 d6 6. Be2 Be7 7. O-O O-O 8. Be3
e5 9. Nb3 b6 10. Bc4 Bb7 11. f3 Nbd7 12. Qe2 a6 13. Rfd1 Qc7 14. Nd5 Nxd5 15.
Bxd5 Bxd5 16. Rxd5 f5 17. exf5 Rxf5 18. c4 Rf7 19. Rdd1 Rc8 20. Rac1 Qc6 21. Nd2
Nf6 22. Rc3 h6 23. Qd3 Rb8 24. Qg6 Kf8 25. Ne4 Nxe4 26. Qxe4 Qxe4 27. fxe4 b5
28. Rb3 Kg8 29. cxb5 axb5 30. a4 Bd8 31. Rxb5 Rxb5 32. axb5 Rd7 33. b6 Kh7 34.
Kf1 1-0

[Event "32nd ECC Open 2016"]
[Site "Novi Sad SRB"]
[Date "2016.11.07"]
[Round "2.6"]
[Board "3"]
[White "Brankovic, Dejan"]
[Black "Czebe, Attila"]
[Result "1/2-1/2"]
[WhiteTitle "FM"]
[BlackTitle "GM"]
[WhiteElo "2373"]
[BlackElo "2482"]
[WhiteTeam "Omladinski Sahovski Klub Paracin"]
[BlackTeam "SK Dunajska Streda"]
[WhiteFideId "921602"]
[BlackFideId "705268"]
[EventDate "2016.11.06"]

1. e4 c5 2. Nf3 b6 3. Nc3 Bb7 4. d4 cxd4 5. Nxd4 a6 6. e5 e6 7. Bf4 Ne7 8. Qg4
Ng6 9. h4 Qc7 10. O-O-O Nxe5 11. Qg3 d6 12. h5 Nbd7 13. h6 g6 14. Bg5 d5 15. Qh3
Qd6 16. Re1 Be7 17. Bxe7 Kxe7 18. Qh4+ Kf8 19. Rh3 Re8 20. Rhe3 Nc6 21. Nxc6
Qxc6 22. Rd1 f6 23. Ne4 dxe4 24. Rc3 g5 25. Rxc6 gxh4 26. Rc7 Nc5 27. b4 Nd3+
28. Bxd3 Re7 29. Be2 Rxc7 30. Rd8+ Kf7 31. Bh5+ Ke7 32. Rxh8 Kd6 33. Rg8 e3 34.
fxe3 Be4 35. Bd1 Bg6 36. Kd2 Ke5 37. Ra8 Rd7+ 38. Ke1 Be4 39. Rg8 Rc7 40. Kd2 a5
41. a3 axb4 42. axb4 Rc4 43. c3 Bg6 44. Bc2 f5 45. Bd3 Rg4 46. Bf1 f4 47. exf4+
Kxf4 48. c4 Ke5 49. Ke3 1/2-1/2

[Event "32nd ECC Open 2016"]
[Site "Novi Sad SRB"]
[Date "2016.11.07"]
[Round "2.6"]
[Board "4"]
[White "Bagi, Mate"]
[Black "Mladenovic, Stefan"]
[Result "1/2-1/2"]
[WhiteTitle "IM"]
[WhiteElo "2449"]
[BlackElo "2292"]
[WhiteTeam "SK Dunajska Streda"]
[BlackTeam "Omladinski Sahovski Klub Paracin"]
[WhiteFideId "742570"]
[BlackFideId "942227"]
[EventDate "2016.11.06"]

1. e4 c5 2. Nf3 d6 3. d4 cxd4 4. Nxd4 Nf6 5. Nc3 g6 6. Be3 Bg7 7. f3 Nc6 8. Qd2
O-O 9. g4 Be6 10. Nxe6 fxe6 11. O-O-O Ne5 12. Be2 Qc8 13. h4 Nfd7 14. h5 Nc4 15.
Bxc4 Qxc4 16. hxg6 hxg6 17. f4 Rac8 18. e5 b5 19. Kb1 b4 20. Na4 Qc6 21. b3 dxe5
22. Qxd7 Qxc2+ 23. Ka1 exf4+ 24. Bd4 Rcd8 25. Qxe7 Rxd4 26. Qxe6+ Rf7 27. Qe8+
Rf8 28. Qe6+ Rf7 29. Qe8+ Rf8 30. Qe6+ Rf7 1/2-1/2

[Event "32nd ECC Open 2016"]
[Site "Novi Sad SRB"]
[Date "2016.11.07"]
[Round "2.6"]
[Board "5"]
[White "Cvetanovic, Uros"]
[Black "Varga, Zoltan"]
[Result "1/2-1/2"]
[WhiteTitle "CM"]
[BlackTitle "GM"]
[WhiteElo "2269"]
[BlackElo "2418"]
[WhiteTeam "Omladinski Sahovski Klub Paracin"]
[BlackTeam "SK Dunajska Streda"]
[WhiteFideId "900672"]
[BlackFideId "700509"]
[EventDate "2016.11.06"]

1. e4 Nf6 2. Nc3 d5 3. exd5 Nxd5 4. Bc4 c6 5. Qf3 e6 6. Nge2 Be7 7. d4 O-O 8.
Ne4 Nd7 9. c3 e5 10. N4g3 exd4 11. Bxd5 Ne5 12. Qe4 Qxd5 13. Qxd5 cxd5 14. Nxd4
Bc5 15. O-O Bxd4 16. cxd4 Nc6 17. Rd1 Be6 18. Bf4 Rfc8 19. Rac1 f6 20. Ne2 g5
21. Bd6 Na5 22. b3 Rc6 23. Bc5 a6 24. Bb4 Rxc1 25. Rxc1 Nc6 26. Bc5 Rc8 27. f3
Kf7 28. Kf2 Nb8 29. Bd6 Rxc1 30. Nxc1 Nc6 31. Ke3 Bf5 32. Nd3 Bxd3 33. Kxd3 Ke6
34. Bf8 h5 35. Ke3 Kf5 36. Bd6 Nd8 37. Bc7 Ne6 38. Bd6 g4 39. Bb8 Kg5 40. Bd6
Nd8 41. Be7 Ne6 42. Bd6 Kg6 43. Bb8 Kg5 44. Bd6 Ng7 45. Bf4+ Kg6 46. fxg4 hxg4
47. Bc7 Kf5 48. Bg3 Ne6 49. Bd6 Ng5 50. Bg3 Ne4 51. Be1 Kg5 52. Bb4 Kf5 53. Be1
Ng5 54. Bg3 Nf7 55. Bc7 Nh8 56. Bb8 Ng6 57. Bd6 Nh4 58. g3 Ng6 59. Bc5 Nh8 60.
Bd6 Nf7 61. Bc7 Ng5 62. Bd6 Ne6 63. Be7 Kg5 64. Bd6 Ng7 65. Bf4+ Kh5 66. Kd3 Kg6
67. Kc3 Ne6 68. Bd6 Ng5 69. Kb4 Kf5 70. Kc5 Ke6 71. Bf4 Nf3 72. Kb6 Nxd4 1/2-1/2

[Event "32nd ECC Open 2016"]
[Site "Novi Sad SRB"]
[Date "2016.11.07"]
[Round "2.6"]
[Board "6"]
[White "Meszaros, Michal"]
[Black "Ivic, Matija"]
[Result "1/2-1/2"]
[WhiteTitle "IM"]
[WhiteElo "2391"]
[BlackElo "2231"]
[WhiteTeam "SK Dunajska Streda"]
[BlackTeam "Omladinski Sahovski Klub Paracin"]
[WhiteFideId "14905329"]
[BlackFideId "953687"]
[EventDate "2016.11.06"]

1. c4 g6 2. Nc3 Bg7 3. Nf3 c5 4. e3 Nf6 5. b3 d5 6. cxd5 Nxd5 7. Bb2 Nb4 8. Bb5+
Bd7 9. Bc4 Bf5 10. O-O Bd3 11. Bxd3 Nxd3 12. Rb1 Nc6 13. Ba1 O-O 14. Ne1 b6 15.
Qe2 Nce5 16. Nc2 Qd7 17. f4 Nc6 18. Ne4 Qd5 19. Nc3 Qd7 20. Ne4 Qd5 21. Nc3 Qd7
22. Ne4 f5 1/2-1/2

[Event "32nd ECC Open 2016"]
[Site "Novi Sad SRB"]
[Date "2016.11.07"]
[Round "2.7"]
[Board "2"]
[White "Naumann, Alexander"]
[Black "Leko, Peter"]
[Result "1/2-1/2"]
[WhiteTitle "GM"]
[BlackTitle "GM"]
[WhiteElo "2561"]
[BlackElo "2693"]
[WhiteTeam "SC MPO Maria Saal"]
[BlackTeam "OR Padova"]
[WhiteFideId "4623169"]
[BlackFideId "703303"]
[EventDate "2016.11.06"]

1. e4 c5 2. Nf3 d6 3. Bb5+ Nd7 4. O-O a6 5. Bd3 Ngf6 6. Re1 e6 7. c3 b5 8. Bc2
c4 9. a4 Bb7 10. axb5 axb5 11. Rxa8 Qxa8 12. Na3 Bxe4 13. Bxe4 Nxe4 14. d3 cxd3
15. Nxb5 Qb7 16. Qxd3 d5 17. c4 Bc5 18. Be3 O-O 19. cxd5 exd5 20. Nc3 Bxe3 21.
Qxe3 Ndf6 22. Qd4 Nxc3 23. bxc3 Rc8 24. Rc1 Ne4 25. h3 Qb2 26. Re1 h6 27. c4
Qxd4 28. Nxd4 Rxc4 29. Nf5 Nf6 30. Ra1 Rc7 31. Rd1 Rd7 32. g4 Kf8 33. f3 Ng8 34.
h4 g6 35. Nd4 Ne7 36. Ra1 Kg7 37. Kf2 Rc7 38. Ke3 Rc3+ 39. Kd2 Rc4 40. Kd3 Rb4
41. Ke3 Rc4 42. Kd3 Kf6 43. Re1 Nc6 44. Nxc6 Rxc6 45. Kd4 Rc4+ 46. Kxd5 Rf4 47.
Re3 h5 48. g5+ Kg7 49. Ke5 Rxh4 50. f4 Rh1 51. Ke4 Kf8 52. Ra3 Re1+ 53. Kf3 Rd1
54. Re3 Rd7 55. Ra3 Ke7 56. Re3+ Kd8 57. Ra3 Rd5 58. Ra7 Rd3+ 59. Ke4 Rd7 60.
Ra3 Ke7 61. Kf3 Rd5 62. Re3+ Kd6 63. Ra3 Ke6 64. Ra6+ Rd6 65. Ra3 f6 66. gxf6
Kxf6 67. Rb3 Rd5 68. Ra3 Rf5 69. Kg3 Kg7 70. Rb3 Kh6 71. Ra3 Rd5 72. Rb3 Rd1 73.
Ra3 Rg1+ 74. Kf3 h4 75. Ra5 Rg3+ 76. Kf2 Rb3 77. Kg2 Rg3+ 78. Kf2 1/2-1/2

[Event "32nd ECC Open 2016"]
[Site "Novi Sad SRB"]
[Date "2016.11.07"]
[Round "2.7"]
[Board "3"]
[White "Bacrot, Etienne"]
[Black "Kreisl, Robert"]
[Result "1-0"]
[WhiteTitle "GM"]
[BlackTitle "IM"]
[WhiteElo "2691"]
[BlackElo "2448"]
[WhiteTeam "OR Padova"]
[BlackTeam "SC MPO Maria Saal"]
[WhiteFideId "605506"]
[BlackFideId "1613880"]
[EventDate "2016.11.06"]

1. e4 c6 2. Nf3 d5 3. Nc3 dxe4 4. Nxe4 Nf6 5. Qe2 Nxe4 6. Qxe4 Qd5 7. Qh4 Qe6+
8. Be2 Qg4 9. Qg3 Qxg3 10. hxg3 c5 11. d4 e6 12. Be3 Nd7 13. O-O-O a6 14. d5
exd5 15. Rxd5 Nf6 16. Re5+ Be6 17. Bxc5 Ng4 18. Bxf8 Kxf8 19. Reh5 Nxf2 20. Rxh7
Rxh7 21. Rxh7 Re8 22. Rh8+ Ke7 23. Rxe8+ Kxe8 24. Nd4 Ne4 25. Bf3 Nd6 26. b3 b6
27. Kd2 a5 28. c4 Bd7 29. Ne2 Ke7 30. Nc3 Be6 31. Kd3 Kd7 32. g4 g5 33. Kd4 f5
34. gxf5 Nxf5+ 35. Ke5 Ne3 36. Na4 g4 37. Be4 Ke7 38. Nxb6 1-0

[Event "32nd ECC Open 2016"]
[Site "Novi Sad SRB"]
[Date "2016.11.07"]
[Round "2.7"]
[Board "4"]
[White "Halvax, Georg"]
[Black "Vocaturo, Daniele"]
[Result "0-1"]
[WhiteTitle "FM"]
[BlackTitle "GM"]
[WhiteElo "2373"]
[BlackElo "2599"]
[WhiteTeam "SC MPO Maria Saal"]
[BlackTeam "OR Padova"]
[WhiteFideId "1619543"]
[BlackFideId "813192"]
[EventDate "2016.11.06"]

1. e4 e6 2. d4 d5 3. Nc3 Nf6 4. e5 Nfd7 5. f4 c5 6. Nf3 Nc6 7. Ne2 Qb6 8. c3 f6
9. a3 Be7 10. g3 cxd4 11. cxd4 O-O 12. Bg2 Na5 13. Qd3 Nb3 14. Rb1 Nxc1 15. Nxc1
Nb8 16. Ne2 Bd7 17. Nc3 Be8 18. Qd2 Bh5 19. exf6 Bxf6 20. Ne5 Bxe5 21. dxe5 Nd7
22. Nd1 Nc5 23. b4 Bg6 24. Nc3 Nd3+ 25. Kf1 Nxe5 26. Re1 Bd3+ 0-1

[Event "32nd ECC Open 2016"]
[Site "Novi Sad SRB"]
[Date "2016.11.07"]
[Round "2.7"]
[Board "5"]
[White "David, Alberto"]
[Black "Ertl, Johann"]
[Result "1-0"]
[WhiteTitle "GM"]
[BlackTitle "FM"]
[WhiteElo "2574"]
[BlackElo "2306"]
[WhiteTeam "OR Padova"]
[BlackTeam "SC MPO Maria Saal"]
[WhiteFideId "4000013"]
[BlackFideId "1613626"]
[EventDate "2016.11.06"]

1. d4 Nf6 2. c4 g6 3. Nc3 Bg7 4. e4 d6 5. Be2 O-O 6. Be3 e5 7. d5 Ne8 8. g4 f5
9. gxf5 gxf5 10. exf5 Bxf5 11. Nf3 Kh8 12. Rg1 Na6 13. Qd2 Nf6 14. Ng5 Qd7 15.
Ne6 Bxe6 16. dxe6 Qxe6 17. O-O-O Nc5 18. Qc2 Qf7 19. Rg3 Rg8 20. Rh3 Bf8 21. f4
Ncd7 22. fxe5 dxe5 23. Rf1 Qg6 24. Bd3 Qg2 25. Qxg2 Rxg2 26. Ne4 Be7 27. Ng5 Nf8
28. Nf7+ Kg8 29. Nxe5 Ng6 30. Bd4 Rf8 31. Bf5 Nxe5 32. Bxe5 Rg7 33. Rhf3 Rg5 34.
h4 Rg2 35. Be6+ Kg7 36. Bc3 h5 37. Bh3 Rg6 38. Re1 Bd8 39. Bf5 Rg2 40. Bh3 Rg6
41. Rd1 Kh6 42. Rxd8 Rxd8 43. Bxf6 Rg1+ 44. Kc2 Re8 45. Bd4 Rh1 46. Rf6+ Kh7 47.
Bf5+ Kg7 48. Rc6+ Kg8 49. Rxc7 Re2+ 50. Kd3 Rg2 51. Be6+ Kf8 52. Bc5+ Ke8 53.
Rc8# 1-0